00879nam a2200241 a 450000100060000000300080000600500170001400800390003102000150007003500190008504000320010404100080013608200290014410000350017324500620020826000620027030000240033250400520035660000510040861000340045965100550049385600890054824060BD-RjUL20211209001014.0140312r19941989enk b 000 0 eng a0415035740 a(BD-RjUL)24126 aDLCcDLCdDLCdBD-RjULbeng aeng00a941.081092220bWIG 19941 aWinstanley, Michael J.,d1949-10aGladstone and the Liberal Party /cMichael J. Winstanley. aLondon ;aNew York :bRoutledge,cc1989 [Reprinted 1994]. axi, 77 p. ;c22 cm. aIncludes bibliographical references (p. 75-77).10aGladstone, W. E.q(William Ewart),d1809-1898.20aLiberal Party (Great Britain) 0aGreat BritainxPolitics and governmenty1837-1901.423Publisher descriptionuhttp://www.loc.gov/catdir/enhancements/fy0648/90034969-d.html